000 01289cam a22003492a 4500
999 _c1071
_d1071
001 .b14202621
003 OSt
005 20210528092446.0
008 151025t20152005nyua c 000 f eng
020 _a9780062367037
_q(pbk.) :
020 _a9780062367150
_qBox set
040 _aKUAS
_beng
_cDIPPER
_erda
041 0 _aeng
042 _anbic
082 _aFIC HUN
100 1 _aHunter, Erin,
_eauthor.
245 1 0 _aMoonrise /
_cErin Hunter.
250 _aRevised paperback edition.
260 _aNew York, N.Y.
_bHarper,
_c2015.
300 _a287, 14 pages :
_billustrations : map ;
_c20 cm.
490 1 _aWarriors, the new prophecy ;
_vbook 2.
500 _aFirst published : 2005.
500 _aIncludes excerpt from book 3 : Dawn.
520 _aMoons have passed since six cats set out on a journey to save their Clans. Meanwhile, back in the forest, Firestar and Leafpaw watch ThunderClan's world crumbling around them. Will the questing cats make it back in time, or will they be too late?"
521 _aAges 8-12.
650 0 _aCats
_xJuvenile fiction.
650 0 _aFeral cats
_xJuvenile fiction.
650 0 _aProphecies
_xJuvenile fiction.
655 7 _aFantasy fiction.
800 1 _aHunter, Erin.
_tWarriors, the new prophecy ;
_vbk. 2.
942 _2ddc
_cFIC